<?xml version="1.0" encoding="UTF-8"?>
<collection xmlns="http://www.loc.gov/MARC21/slim">
 <record>
  <leader>03026nam a2200433 a 4500</leader>
  <controlfield tag="001">1/45091</controlfield>
  <controlfield tag="008">140728s2005    us            001 0 eng  </controlfield>
  <datafield tag="020" ind1=" " ind2=" ">
   <subfield code="a">1423754255 (electronic bk.)</subfield>
  </datafield>
  <datafield tag="020" ind1=" " ind2=" ">
   <subfield code="a">9781423754251 (electronic bk.)</subfield>
  </datafield>
  <datafield tag="020" ind1=" " ind2=" ">
   <subfield code="a">9781931836425</subfield>
  </datafield>
  <datafield tag="020" ind1=" " ind2=" ">
   <subfield code="a">1931836426</subfield>
  </datafield>
  <datafield tag="020" ind1=" " ind2=" ">
   <subfield code="a">0080489443</subfield>
  </datafield>
  <datafield tag="020" ind1=" " ind2=" ">
   <subfield code="a">9780080489445</subfield>
  </datafield>
  <datafield tag="035" ind1=" " ind2=" ">
   <subfield code="l">48049</subfield>
  </datafield>
  <datafield tag="040" ind1=" " ind2=" ">
   <subfield code="a">N$T</subfield>
   <subfield code="b">eng</subfield>
   <subfield code="c">N$T</subfield>
   <subfield code="d">OCLCQ</subfield>
   <subfield code="d">TUU</subfield>
   <subfield code="d">OCLCQ</subfield>
   <subfield code="d">OPELS</subfield>
   <subfield code="d">UMI</subfield>
   <subfield code="d">CEF</subfield>
   <subfield code="d">NHM</subfield>
   <subfield code="d">DEBSZ</subfield>
   <subfield code="d">QE2</subfield>
   <subfield code="d">MERUC</subfield>
   <subfield code="d">CCO</subfield>
   <subfield code="d">E7B</subfield>
   <subfield code="d">IDEBK</subfield>
   <subfield code="d">N15</subfield>
   <subfield code="d">COCUF</subfield>
   <subfield code="d">YDXCP</subfield>
   <subfield code="d">DKDLA</subfield>
   <subfield code="d">MHW</subfield>
   <subfield code="d">FVL</subfield>
   <subfield code="d">B24X7</subfield>
   <subfield code="d">OCLCQ</subfield>
   <subfield code="d">OCLCO</subfield>
   <subfield code="d">OCLCQ</subfield>
   <subfield code="d">GR-PeUP</subfield>
  </datafield>
  <datafield tag="100" ind1="1" ind2=" ">
   <subfield code="a">Shimonski, Robert.</subfield>
  </datafield>
  <datafield tag="245" ind1="1" ind2="0">
   <subfield code="a">Network+ study guide &amp; practice exams</subfield>
   <subfield code="h">[electronic resource] :</subfield>
   <subfield code="b">exam N10-003 /</subfield>
   <subfield code="c">Robert J. Shimonski, Michael Cross, Laura Hunter.</subfield>
  </datafield>
  <datafield tag="246" ind1="3" ind2=" ">
   <subfield code="a">Network+ study guide and practice exams</subfield>
  </datafield>
  <datafield tag="246" ind1="3" ind2=" ">
   <subfield code="a">Network plus study guide and practice exams</subfield>
  </datafield>
  <datafield tag="246" ind1="3" ind2="0">
   <subfield code="a">Network plus</subfield>
  </datafield>
  <datafield tag="246" ind1="1" ind2="4">
   <subfield code="a">Network+ exam N10-003</subfield>
  </datafield>
  <datafield tag="246" ind1="1" ind2="8">
   <subfield code="a">Network+ N10-003</subfield>
  </datafield>
  <datafield tag="260" ind1=" " ind2=" ">
   <subfield code="a">Rockland, MA :</subfield>
   <subfield code="b">Syngress ;</subfield>
   <subfield code="a">[Sebastopol, CA] :</subfield>
   <subfield code="b">Distributed by O'Reilly Media,</subfield>
   <subfield code="c">c2005.</subfield>
  </datafield>
  <datafield tag="300" ind1=" " ind2=" ">
   <subfield code="a">1 online resource (xliv, 923 p.) :</subfield>
   <subfield code="b">ill.</subfield>
  </datafield>
  <datafield tag="500" ind1=" " ind2=" ">
   <subfield code="a">Includes index.</subfield>
  </datafield>
  <datafield tag="505" ind1="0" ind2=" ">
   <subfield code="a">Introduction ; Domain I Media and Topologies ; Network Fundamentals ; Network Media ; Network Devices ; Wireless Technologies ; Domain II Protocols and Standards ; OSI Model ; Network Protocols ; WAN and Security Standards and Services ; Network Operating Systems ; Domain III Network Implementation ; Network Infrastructure and Security ; Fault Management and Disaster Recovery ; Domain IV Network Support ; Network Troubleshooting Tools ; Network Troubleshooting Methodology ; Self Test Appendix ; Index.</subfield>
  </datafield>
  <datafield tag="520" ind1=" " ind2=" ">
   <subfield code="a">The Network+ Study Guide covers all the objectives on the CompTIA exam, including the features and functions of networking components, and ensuring that readers have the knowledge and skills needed to install, configure and troubleshoot basic networking hardware, protocols and services. It covers exam topics such as media and topologies, protocols and standards, network implementation, and network support, as well as new exam topics on technologies such as wireless networking and Ethernet. * Complete coverage of the new 2005 exam, written from the ground up * Competitively priced with additional interactive exams online * Popular exam being revised for first time since 2001.</subfield>
  </datafield>
  <datafield tag="650" ind1=" " ind2="4">
   <subfield code="a">Electronic data processing personnel</subfield>
   <subfield code="x">Certification.</subfield>
  </datafield>
  <datafield tag="650" ind1=" " ind2="4">
   <subfield code="a">Telecommunications engineers</subfield>
   <subfield code="x">Examinations</subfield>
   <subfield code="v">Study guides.</subfield>
  </datafield>
  <datafield tag="650" ind1=" " ind2="4">
   <subfield code="a">Computer networks</subfield>
   <subfield code="x">Examinations</subfield>
   <subfield code="v">Study guides.</subfield>
  </datafield>
  <datafield tag="655" ind1=" " ind2="4">
   <subfield code="a">Electronic books.</subfield>
  </datafield>
  <datafield tag="700" ind1="1" ind2=" ">
   <subfield code="a">Cross, Michael,</subfield>
   <subfield code="d">1965-</subfield>
  </datafield>
  <datafield tag="700" ind1="1" ind2=" ">
   <subfield code="a">Hunter, Laura E.</subfield>
  </datafield>
  <datafield tag="852" ind1=" " ind2=" ">
   <subfield code="a">INST</subfield>
   <subfield code="b">UNIPILB</subfield>
   <subfield code="c">EBOOKS</subfield>
   <subfield code="e">20140728</subfield>
   <subfield code="p">00b48049</subfield>
   <subfield code="q">00b48049</subfield>
   <subfield code="t">ONLINE</subfield>
   <subfield code="y">0</subfield>
  </datafield>
  <datafield tag="856" ind1="4" ind2="0">
   <subfield code="3">ScienceDirect</subfield>
   <subfield code="u">http://www.sciencedirect.com/science/book/9781931836425</subfield>
  </datafield>
  <datafield tag="856" ind1="4" ind2=" ">
   <subfield code="d">/webopac/covers/03/48049_9781931836425.jpg</subfield>
  </datafield>
  <datafield tag="856" ind1="4" ind2=" ">
   <subfield code="d">/webopac/covers/03/48049_1931836426.jpg</subfield>
  </datafield>
  <datafield tag="856" ind1="4" ind2=" ">
   <subfield code="d">/webopac/covers/03/48049_0080489443.jpg</subfield>
  </datafield>
  <datafield tag="856" ind1="4" ind2=" ">
   <subfield code="d">/webopac/covers/03/48049_9780080489445.jpg</subfield>
  </datafield>
 </record>
</collection>
